Sujaan/ (Record no. 45286)

000 -LEADER
fixed length control field 00318nam a22001331a 4500
082 ## - DEWEY DECIMAL CLASSIFICATION NUMBER
Classification number H3 MIS SUJ
Item number M84
100 ## - MAIN ENTRY--AUTHOR NAME
Personal name Mittilesh Kumari Misra
245 ## - TITLE STATEMENT
Title Sujaan/
Statement of responsibility, etc by Mittilesh Kumari Misra
260 ## - PUBLICATION, DISTRIBUTION, ETC. (IMPRINT)
Place of publication Patna:
Name of publisher Vani Vattika,
Year of publication 1984.
300 ## - PHYSICAL DESCRIPTION
Number of Pages 136p.
650 ## - SUBJECT ADDED ENTRY--TOPICAL TERM
Topical Term Novel Hindi
650 ## - SUBJECT ADDED ENTRY--TOPICAL TERM
Topical Term Literature
942 ## - ADDED ENTRY ELEMENTS (KOHA)
Koha item type Book
Holdings
Withdrawn status Lost status Damaged status Not for loan Permanent Location Current Location Date acquired Cost, normal purchase price Full call number Accession Number Cost, replacement price Price effective from Koha item type
Write off     1 Sree Sankaracharya University of Sanskrit Sree Sankaracharya University of Sanskrit 08.01.2015 18.00 H3 MIS SUJ M84 034096 0.00 08.01.2015 Book